| 000 | 01905 a2200409 4500 | ||
|---|---|---|---|
| 001 | 24256185 | ||
| 003 | 0000 | ||
| 005 | 20251016131239.0 | ||
| 008 | 250621t20252025flu 001 0 eng | ||
| 010 | _a 2025003619 | ||
| 020 | _a9780367420925 | ||
| 020 | _a9781041070474 | ||
| 020 | _z9780367821746 | ||
| 035 | _a24256185 | ||
| 040 |
_aDLC _beng _erda _cDLC |
||
| 042 | _apcc | ||
| 050 | 0 | 0 |
_aQC88 _b.H257 2025 |
| 082 | 0 | 0 |
_a389/.1 _223/eng/20250625 |
| 100 | 1 |
_aHaitjema, Han, _eauthor. |
|
| 245 | 1 | 0 |
_aDimensional metrology / _cHan Haitjema and Richard Leach. |
| 250 | _aFirst edition. | ||
| 263 | _a2507 | ||
| 264 | 1 |
_aBoca Raton, FL ; _aAbingdon, Oxon : _bCRC Press, _c2025. |
|
| 264 | 4 |
_cBoca Raton, FL ; _aCRC Press, _b2025. |
|
| 300 |
_axi, 334p.: _bil. charts and diagrams |
||
| 336 |
_atext _btxt _2rdacontent |
||
| 337 |
_aunmediated _bn _2rdamedia |
||
| 338 |
_avolume _bnc _2rdacarrier |
||
| 500 | _aIncludes index. | ||
| 520 |
_a"This book provides in-depth coverage of metrology principles for students, practicing engineers, technologists, and researchers. It presents and explains mathematical principles and treatments and practical applications of metrology, with numerous chapter exercises that link theory to the solution of practical problems. Computer-based classes of dimensional metrology are covered, such as CMM-technology, areal surface measurement, and X-ray computed tomography. Readers are shown how to perform and evaluate dimensional measurements and interpret the results. Measuring instruments and methods are explained so readers can determine which to use for specific applications"-- _cProvided by publisher. |
||
| 650 | 0 | _aMetrology. | |
| 650 | 0 | _aMeasurement. | |
| 700 | 1 |
_aLeach, R. K., _eauthor. |
|
| 906 |
_a7 _bcbc _corignew _d1 _eecip _f20 _gy-gencatlg |
||
| 942 |
_2lcc _cBK |
||
| 999 |
_c43839 _d43839 |
||